000
00232nam a22001097a 4500
082
_a
621.462 MON'I
100
_a
MONK, S. G
_9
73691
245
_a
INDUCTION MOTORS
260
_a
LONDON
_b
BLACKIE
_c
1946
300
_a
134P
942
_c
BK
999
_c
579342
_d
579342